LIBRARY & INFORMATION CENTRE, KCAET, TAVANUR

ONLINE PUBLIC ACCESS CATALOGUE (OPAC)

Elementary Probability Theory: With Stochastic Processes and an Introduction to Mathematical Finance (Record no. 14518)

MARC details
000 -LEADER
fixed length control field 00554nam a22001937a 4500
020 ## - INTERNATIONAL STANDARD BOOK NUMBER
ISBN 9788181280138
082 ## - DEWEY DECIMAL CLASSIFICATION NUMBER
Classification number 519.02462
Item number CHU/EL
100 ## - MAIN ENTRY--AUTHOR NAME
Personal name Chung,Kai Lai
100 ## - MAIN ENTRY--AUTHOR NAME
Personal name Aitsahlia,Farid
245 ## - TITLE STATEMENT
Title Elementary Probability Theory: With Stochastic Processes and an Introduction to Mathematical Finance
250 ## - EDITION STATEMENT
Edition statement 4 th
260 ## - PUBLICATION, DISTRIBUTION, ETC. (IMPRINT)
Place of publication New York
Name of publisher Springer
Year of publication 2013
300 ## - PHYSICAL DESCRIPTION
Number of Pages 402
500 ## - GENERAL NOTE
General note Undergraduate Text in Mathematics
700 ## - ADDED ENTRY--PERSONAL NAME
Personal name Axler,S.
700 ## - ADDED ENTRY--PERSONAL NAME
Personal name Gehring,F.W
700 ## - ADDED ENTRY--PERSONAL NAME
Personal name Ribet,K.A
942 ## - ADDED ENTRY ELEMENTS (KOHA)
Koha item type Books
Holdings
Withdrawn status Lost status Damaged status Collection code Home library Current library Shelving location Date acquired Source of acquisition Cost, normal purchase price Full call number Accession Number Koha item type
        KAUAET KAUAET General Stacks 13/07/2016 Researchco Books and Periodicals, New Delhi 399.00 519.02462 CHU/EL 24365 Books
free website counter